| 000 | 00000nam 2200000zi 4500 |
| 001 | 9.933883 |
| 003 | CaOODSP |
| 005 | 20240501092932 |
| 006 | m o d f |
| 007 | cr cn||||||||| |
| 008 | 240214e201910##oncad ob f000 0 fre d |
| 040 | |aCaOODSP|bfre|erda|cCaOODSP |
| 043 | |an-cn--- |
| 086 | 1 |aPS84-228/2019F-PDF |
| 100 | 1 |aCrossing, Lauren, |eauteur. |
| 245 | 10|aRapport d'évaluation : |bservices d’aumônerie dans les établissements du SCC / |cauteurs: Lauren Crossing, Marjorie Cyr, Sidikat Fashola, Ashley McConnell, David Myers. |
| 246 | 10|aServices d’aumônerie dans les établissements du SCC |
| 246 | 17|aÉvaluation des services d’aumônerie dans les établissements du SCC |
| 264 | 1|a[Ottawa] : |bService correctionnel Canada = Correctional Service Canada, |coctobre 2019. |
| 300 | |a1 ressource en ligne (xx, 144 pages) : |billustrations, graphiques |
| 336 | |atexte|btxt|2rdacontent/fre |
| 337 | |ainformatique|bc|2rdamedia/fre |
| 338 | |aressource en ligne|bcr|2rdacarrier/fre |
| 500 | |aTitre de la couverture. |
| 500 | |aPublié aussi en anglais sous le titre : Evaluation report : CSC's institutional chaplaincy services. |
| 504 | |aComprend des références bibliographiques (pages 142-144). |
| 520 | |a« La présente évaluation met l’accent sur la pertinence et le rendement des Services d’aumônerie dans les établissements du Service correctionnel du Canada (SCC) » -- Résumé, page iv. |
| 610 | 26|aService correctionnel Canada|xÉvaluation. |
| 650 | 6|aAumôniers de prison|zCanada|xÉvaluation. |
| 650 | 6|aPrisonniers|xVie religieuse|zCanada|xÉvaluation. |
| 710 | 2 |aService correctionnel Canada, |eorganisme de publication. |
| 775 | 08|tEvaluation report : |w(CaOODSP)9.930173 |
| 856 | 40|qPDF|s2.84 Mo|uhttps://publications.gc.ca/collections/collection_2024/scc-csc/PS84-228-2019-fra.pdf |
| 986 | |a394-2-98 |